00950nam a2200205 a 450000100100000000500170001000800410002702000150006810000310008324502480011424600470036226001230040930000260053249000370055870000340059570000320062970000330066183000370069404000130073100004154820201002035632.0131009s1997 sp 000 0 spa d a840007694X1 aHayari, Ahmad b. Qasim al-10aKitab nasir al-din ala 'l-qawm al-kafirin =bThe supporter of religion against the infidel /cAhmad ibn Qasim al-Hajari ; historical study, critical edition and annotated translation by P. S. van Koningsveld, Q. al-Samarrai, and G. A. Wiegers.13aSupporter of religion against the infidels aMadrid :bConsejo Superior de Investigaciones CientíficasbAgencia Española de Cooperación Internacional,c1997. a299, 206 p. ;c24 cm.1 aFuentes arábico-hispanas ;v211 aKoningsveld, P. Sj. van,etr.1 aSamarra'i., Qasim al-,etr.1 aWiegers, Gerard Albert,etr. 0aFuentes arábico-hispanas ;v21 aDO-SdBNP